000 00835nam a2200289Ia 4500
003 OSt
005 20221005032435.0
006 a|||||r|||| 00| 0
007 ta
008 221004b |||||||| |||| 00| 0 eng d
020 _a0226065839
024 _a17516
037 _cTextual
040 _aCRL
_cCRL
_beng
041 _2eng
_aeng
082 _aSigma:f, N5
100 _aBooth Wayne C
245 0 _aCraft of research
260 _aChicago
_bUniversity of Chicago USA
_c1995
300 _axii, 294p Bibliography p265-270, Appendixp 271-288
_ccm.
650 _a SOCIAL SCIENCES
650 _aRESEARCH METHODS
700 _a Colomb Gregory G
700 _a Williams Joseph M
_9449357
942 _hSigma:f, N5
_cTEXL
_2cc
999 _c939724
_d939724